000 01237cam a2200301 a 4500
999 _c332566
_d332566
001 4033931
003 NUST
005 20171213140701.0
008 980520s1999 nyua b 001 0 eng
010 _a 98025720
020 _a007012020X (alk. paper)
040 _aDLC
_cDLC
_dDLC
050 0 0 _aHD69.P75
_bC526 1999
082 0 0 _a658.404 CLE
_221
100 1 _aCleland, David I.
_97216
245 1 0 _aProject management :
_bstrategic design and implementation /
_cDavid I. Cleland.
250 _a3rd ed.
260 _aNew York :
_bMcGraw-Hill,
_cc1999.
300 _axx, 560 p. :
_bill. ;
_c24 cm.
500 _aP.B
504 _aIncludes bibliographical references and index.
650 0 _aProject management.
_92481
856 4 2 _3Publisher description
_uhttp://www.loc.gov/catdir/description/mh023/98025720.html
856 4 1 _3Table of contents only
_uhttp://www.loc.gov/catdir/toc/mh022/98025720.html
856 4 2 _3Contributor biographical information
_uhttp://www.loc.gov/catdir/enhancements/fy0602/98025720-b.html
906 _a7
_bcbc
_corignew
_d1
_eocip
_f19
_gy-gencatlg
942 _2ddc
_cBK
_kIESE